|
|
|
|
| LEADER |
00973nam a2200241 a 4500 |
| 001 |
4048259 |
| 008 |
091219s1999 nyu b 000 0 eng d |
| 010 |
|
|
|a 99021220
|
| 020 |
|
|
|a 0878340963 (pbk. : alk. paper)
|
| 040 |
|
|
|a DLC
|c DLC
|d DLC
|c BD-DhAAL
|
| 082 |
0 |
0 |
|a 304.6/01/12
|2 21
|
| 245 |
0 |
0 |
|a Frontiers of population forecasting /
|c Wolfgang Lutz, James W. Vaupel, Dennis A. Ahlburg, editors.
|
| 260 |
|
|
|a New York :
|b Population Council,
|c c1999.
|
| 300 |
|
|
|a vii, 199 p. :
|b ill. ;
|c 25 cm.
|
| 504 |
|
|
|a Includes bibliographical references.
|
| 541 |
1 |
|
|e 00007258
|
| 650 |
|
0 |
|a Population forecasting.
|
| 700 |
1 |
|
|a Lutz, Wolfgang.
|
| 700 |
1 |
|
|a Vaupel, James W.
|
| 700 |
1 |
|
|a Ahlburg, Dennis A.
|
| 852 |
4 |
|
|a Ayesha Abed Library
|j General Shelf.
|
| 999 |
|
|
|c 6267
|d 6267
|
| 952 |
|
|
|0 0
|1 0
|2 ddc
|4 0
|6 304_601120000000000_FRO_1999
|7 0
|9 6305
|a BRACUL
|b BRACUL
|c GEN
|d 2009-12-21
|g 0.00
|l 0
|o 304.60112 FRO
|p 3010007258
|r 2009-12-21
|t 1
|w 2009-12-21
|y BK
|x No price found in the accession register.
|